000 00589nam a2200205 a 4500
005 20210223123954.0
008 991125n 000 0 spa u
035 _aUPN01000089873
100 _aBOLIVAR BOTIA, Antonio, 1952-
_931294
222 _aREVISTA DE EDUCACION (España)
245 _aNon scholae sed vitae discimus: limites y problemas de la transversalidad
300 _a23-65
362 _a1996 No. 309 (ene.-abr.)
653 0 _aCURRICULUM
653 0 _aDISEÑO CURRICULAR
653 0 _aLOGSE
653 0 _aTRANSVERSALIDAD
904 _aAC
_b027684
905 _aArticulo
999 _c73419
_d73419